Normal view
MARC view
- Ginter, Peter M.
Entry Personal Name
001 - CONTROL NUMBER
- control field: 25977
003 - CONTROL NUMBER IDENTIFIER
- control field: OSt
005 - DATE AND TIME OF LATEST TRANSACTION
- control field: 20180201192533.0
008 - FIXED-LENGTH DATA ELEMENTS
- fixed length control field: 180201|| aca||aabn | a|a d
040 ## - CATALOGING SOURCE
- Original cataloging agency: OSt
100 ## - HEADING--PERSONAL NAME
- Personal name: Ginter, Peter M.
